|
|
|
|
| LEADER |
00000cam a2200000 7i4500 |
| 001 |
0000009271 |
| 005 |
20220217.0 |
| 020 |
|
|
|a 0126362505
|
| 040 |
|
|
|a INS
|
| 090 |
0 |
0 |
|a HD7287.5
|b M36 1979
|
| 100 |
1 |
|
|a Mark, H. Jonathan
|
| 245 |
1 |
2 |
|a A probability model for analyzing interneighborhood mobility
|c by H. Jonathan Mark, Thomas P. Boehm and Charles L. Leven
|
| 260 |
|
|
|a Vancouver Canada :
|b Appraisal Institute ,
|c 1979
|
| 300 |
|
|
|a 56p ;
|c 19cm.
|
| 650 |
0 |
0 |
|a Residential mobility
|
| 700 |
1 |
|
|a Boehm, Thomas P.
|
| 700 |
1 |
|
|a Leven, Charles L.
|
| 999 |
|
|
|a 0000022167
|b BOOK
|c Open Shelf
|e Default branch
|